000 00972nam a22002537a 4500
005 20170124102928.0
010 _aA-952045
020 _c100.00
035 _aA-952045
037 _bCen Lib/Ret
040 _aDPL
_bHN
082 _a
_bरस्तोगी
100 _aरस्तोगी, रेखा
_944149
245 _aअनाम रिश्ते /
_cरेखा रस्तोगी
246 _aAnam rishte /
_bby Rekha Rastogi
260 _aदिल्ली
_bरजनी प्रकाशन
_c1998
270 _a5/२८८, गली नो 5, वेस्ट काँटी नगर
_bदिल्ली
_e110051
300 _a96पृ.
_c20सेमी(सजिल्द)
650 _aहिंदी साहित्य
_944150
650 _aहिंदी कहानियां
_92082
650 _aHindi literature
_944151
650 _aHindi stories
_944152
942 _2ddc
_cHN
_h
_mरस्तोगी
999 _c111704
_d111704